000 00241nam a22001097a 4500
082 _a923.5 AHM'C
100 _aMUHAMMAD AHMED. COLONEL
_957586
245 _aMY CHIEF
260 _aLAHORE
_bLONMANS GREEN
_c1960
300 _a111P
942 _cBK
999 _c567857
_d567857